Central Library OPAC University of Rajshahi

The Chinese looking glass / (Record no. 64039)

MARC details
000 -LEADER
fixed length control field 00610nam a2200217 a 4500
001 - CONTROL NUMBER
control field 64039
003 - CONTROL NUMBER IDENTIFIER
rucl marc code BD-RjUL
005 - DATE AND TIME OF LATEST TRANSACTION
control field 20211209081250.0
008 - FIXED-LENGTH DATA ELEMENTS--GENERAL INFORMATION
fixed length control field 170208s1967 enk b 001 0 eng
035 ## - SYSTEM CONTROL NUMBER
System control number (BD-RjUL)64169
040 ## - CATALOGING SOURCE
Original cataloging agency DLC
Transcribing agency DLC
Modifying agency BD-RjUL
Language of cataloging eng
041 ## - LANGUAGE CODE
Language code of text/sound track or separate title eng
082 00 - DEWEY DECIMAL CLASSIFICATION NUMBER
Classification number 951
Edition number 23
Author mark and year BLC 1967
100 1# - MAIN ENTRY--PERSONAL NAME
Personal name Bloodworth, Dennis.
9 (RLIN) 190219
245 14 - TITLE STATEMENT
Title The Chinese looking glass /
Statement of responsibility, etc. Dennis Bloodworth,
260 ## - PUBLICATION, DISTRIBUTION, ETC. (IMPRINT)
Place of publication, distribution, etc. New York :
Name of publisher, distributor, etc. Farrar, Straus and Giroux,
Date of publication, distribution, etc. c1967
300 ## - PHYSICAL DESCRIPTION
Pagination xii, 432 p. ;
Size 22 cm.
504 ## - BIBLIOGRAPHY, ETC. NOTE
Bibliography, etc Include Bibliography and index
651 #0 - SUBJECT ADDED ENTRY--GEOGRAPHIC NAME
Geographic name China.
9 (RLIN) 190220
942 ## - ADDED ENTRY ELEMENTS (KOHA)
Source of classification or shelving scheme Dewey Decimal Classification
Koha item type Books
Holdings
Lost status Source of classification or shelving scheme Damaged status Not for loan Collection code Permanent Location Current Location Shelving location Date acquired Source of acquisition Total Checkouts Full call number Date last seen Copy number Koha item type
  Dewey Decimal Classification   Not For Loan Non-fiction Central Library, University of Rajshahi Central Library, University of Rajshahi Reading Room 13/07/1976 Usis   951 BLC 1967 08/02/2017 C-1 Books